=LDR 00000nam 2200000 4500 =001 NUTBA000000000000201 =005 20140318134039.0 =006 =007 =008 =020 ##$$a 10-979-22-2591-9 =035 ##$$a 0010-031400000000200 =090 ##$$a 398.895 1 =100 ##$$a LENI WU =245 ##$$a CHNESE SAYINGS =250 ##$$a CET, 2 =260 ##$$a JAKARTA $b GRAMEDIA PUSTAKA UTAMA $c 2007 =300 ##$$a XX, 157 $b ILUS $c 21 CM =850 ##$$a nbpnmat